000 00687nam a2200193 i 4500
001 71452
003 ES-MaACL
005 20230906171132.0
007 t|
008 040811s1973 sp ||||1| spa d
100 1 _aGelinier, Octave.
_956254
245 1 3 _aLa empresa creadora
_b: ensayo sobre la economía desarrollada y la sociedad pluralista /
_cOctave Gelinier ; prólogo de Jean Ullmo ; [traducción de Julián Abad Caja].
260 _a[Madrid] :
_bAsociación para el Progreso de la Dirección,
_c[1973]
300 _a473 p. ;
_c23 cm.
700 1 _aUllmo, Jean.
_9111939
700 1 _aAbad, Julián,
_9226339
852 _aES-MaACL
_jC-53298
_bR.86382
999 _c71452
_d71452